[Event "World Rapid Women 2025"]
[Site "Doha QAT"]
[Date "2025.12.27"]
[Round "8.6"]
[White "Lagno, Kateryna"]
[Black "Shuvalova, Polina"]
[Result "1-0"]
[WhiteTitle "GM"]
[BlackTitle "IM"]
[WhiteElo "2508"]
[BlackElo "2502"]
[WhiteFideId "14109336"]
[BlackFideId "24171760"]
[EventDate "2025.12.26"]

1. e4 e5 2. Nf3 Nc6 3. Bb5 a6 4. Ba4 Nf6 5. O-O Be7 6. Re1 b5 7. Bb3 O-O 8. d3
d6 9. c3 Na5 10. Bc2 c5 11. h3 Re8 12. d4 cxd4 13. cxd4 exd4 14. Nxd4 Bb7 15.
Nc3 Rc8 16. Nf5 Bf8 17. Qf3 Nc4 18. Qg3 Kh8 19. Bg5 Rc5 20. b4 Rce5 21. f4 R5e6
22. Nd4 Qb6 23. Qf2 Nxe4 24. Nxe4 Rxe4 25. Bxe4 Bxe4 26. f5 d5 27. a3 h6 28. Bh4
Bd6 29. Rad1 Qc7 30. Ne2 Bh2+ 31. Kh1 Ne3 32. Rc1 Qd6 33. Ng3 Bxg2+ 34. Kxh2 d4
35. Rxe3 dxe3 36. Qxg2 Qf4 37. Qc6 Re5 38. Bf6 Qf2+ 39. Kh1 Qxg3 40. Bxe5 Qxe5
41. Qf3 1-0

[Event "World Rapid Women 2025"]
[Site "Doha QAT"]
[Date "2025.12.27"]
[Round "8.7"]
[White "Khademalsharieh, Sarasadat"]
[Black "Muzychuk, Anna"]
[Result "1/2-1/2"]
[WhiteTitle "IM"]
[BlackTitle "GM"]
[WhiteElo "2414"]
[BlackElo "2518"]
[WhiteFideId "12512214"]
[BlackFideId "14111330"]
[EventDate "2025.12.26"]

1. d4 d5 2. Nf3 Nf6 3. g3 Bf5 4. Bg2 h6 5. c4 e6 6. Nc3 c6 7. Qb3 Qc8 8. Bf4 Be7
9. Rc1 O-O 10. O-O dxc4 11. Qxc4 Nbd7 12. Qb3 Nb6 13. Ne5 Nbd5 1/2-1/2

[Event "World Rapid Women 2025"]
[Site "Doha QAT"]
[Date "2025.12.27"]
[Round "8.8"]
[White "Mammadzada, Gunay"]
[Black "Stefanova, Antoaneta"]
[Result "1/2-1/2"]
[WhiteTitle "IM"]
[BlackTitle "GM"]
[WhiteElo "2390"]
[BlackElo "2391"]
[WhiteFideId "13403729"]
[BlackFideId "2902257"]
[EventDate "2025.12.26"]

1. Nf3 d5 2. g3 g6 3. Bg2 Bg7 4. d4 Nf6 5. O-O O-O 6. c4 c6 7. b3 a5 8. Bb2 a4
9. Nbd2 Bf5 10. e3 Ne4 11. Nxe4 Bxe4 12. Re1 axb3 13. axb3 Rxa1 14. Bxa1 Qa5 15.
Qd2 Qxd2 16. Nxd2 Bxg2 17. Kxg2 Nd7 18. Bc3 1/2-1/2

[Event "World Rapid Women 2025"]
[Site "Doha QAT"]
[Date "2025.12.27"]
[Round "8.9"]
[White "Song, Yuxin"]
[Black "Arabidze, Meri"]
[Result "0-1"]
[WhiteTitle "IM"]
[BlackTitle "IM"]
[WhiteElo "2454"]
[BlackElo "2413"]
[WhiteFideId "8614300"]
[BlackFideId "13604040"]
[EventDate "2025.12.26"]

1. e4 d6 2. d4 Nf6 3. Nc3 e5 4. Nf3 Nbd7 5. Bc4 Be7 6. O-O O-O 7. a4 c6 8. Re1
h6 9. h3 Re8 10. a5 Bf8 11. dxe5 dxe5 12. Nh4 Bc5 13. Qf3 Nf8 14. Rd1 Qe7 15.
Ne2 Be6 16. Bd3 Ng6 17. Nxg6 fxg6 18. Qg3 Bf7 19. Be3 g5 20. Nc3 Nh5 21. Qf3 Nf4
22. Bf1 Bh5 23. Bc4+ Kh8 24. g4 Bg6 25. Na4 Bxe3 26. fxe3 Ne6 27. Bxe6 Qxe6 28.
b3 Rf8 29. Qg2 Qe7 30. c3 Rf7 31. b4 Raf8 32. Nc5 Rf3 33. Rd7 Qf6 34. Rxb7 Rf2
35. Qg3 Rf1+ 36. Rxf1 Qxf1+ 37. Kh2 Rf2+ 38. Qxf2 Qxf2+ 39. Kh1 Qxe3 40. Kh2
Qf4+ 41. Kg1 Bxe4 42. Nxe4 Qxe4 43. Kf2 Qc2+ 44. Ke3 Qxc3+ 45. Ke4 a6 46. Rb6
Kh7 47. Kf5 Qd4 48. Rxc6 Qxb4 49. Rxa6 Qf4+ 50. Ke6 Qf6+ 0-1

[Event "World Rapid Women 2025"]
[Site "Doha QAT"]
[Date "2025.12.27"]
[Round "8.10"]
[White "Gunina, Valentina"]
[Black "Khamdamova, Afruza"]
[Result "0-1"]
[WhiteTitle "GM"]
[BlackTitle "WGM"]
[WhiteElo "2393"]
[BlackElo "2403"]
[WhiteFideId "4167570"]
[BlackFideId "14210444"]
[EventDate "2025.12.26"]

1. e4 e5 2. Nf3 Nc6 3. Bc4 Nf6 4. d3 Bc5 5. c3 d6 6. O-O a5 7. d4 Bb6 8. Re1 Bg4
9. Bb5 Nd7 10. h3 Bxf3 11. Qxf3 exd4 12. Bxc6 bxc6 13. e5 dxe5 14. cxd4 Bxd4 15.
Nc3 O-O 16. Qxc6 Qf6 17. Qxf6 Nxf6 18. Bg5 Rab8 19. Re2 Rb6 20. Rc1 Rfb8 21.
Bxf6 gxf6 22. Na4 R6b7 23. b3 Kg7 24. Rc6 Rd8 25. Rec2 Bb6 26. Kf1 Rd4 27. Ke2
Rb8 28. R2c3 Re4+ 29. Kf1 Rd8 30. Rg3+ Kf8 31. Nc3 Rf4 32. f3 Ke7 33. Ke2 Rfd4
34. Rg4 Rd2+ 35. Ke1 R8d3 36. f4 Kd7 37. Rc4 Bf2+ 38. Kf1 Bd4 39. Ne4 Rxa2 40.
Nxf6+ Ke7 41. Ng8+ Kf8 42. Rc1 h5 43. Rg5 Be3 44. Rg3 exf4 45. Rxe3 fxe3 46. Nf6
Rf2+ 47. Ke1 Rxf6 0-1

[Event "World Rapid Women 2025"]
[Site "Doha QAT"]
[Date "2025.12.27"]
[Round "8.11"]
[White "Ju, Wenjun"]
[Black "Mungunzul, Bat-Erdene"]
[Result "0-1"]
[WhiteTitle "GM"]
[BlackTitle "WIM"]
[WhiteElo "2565"]
[BlackElo "2350"]
[WhiteFideId "8603006"]
[BlackFideId "4902831"]
[EventDate "2025.12.26"]

1. Nf3 d6 2. d4 g6 3. e4 Nf6 4. Nc3 Bg7 5. Be2 O-O 6. O-O a6 7. a4 Nc6 8. h3 e5
9. dxe5 dxe5 10. Be3 h6 11. Bc4 Qe7 12. Qe2 Be6 13. Nd5 Bxd5 14. Bxd5 Nxd5 15.
exd5 Nd8 16. Qc4 Re8 17. Rfe1 Qd7 18. a5 Kh7 19. Qa4 Qxa4 20. Rxa4 f5 21. Rb4
Re7 22. c4 Rd7 23. Rd1 Rb8 24. Rb3 Kg8 25. g3 Rc8 26. c5 c6 27. d6 Ne6 28. Rc1
g5 29. Rb4 Re8 30. Ne1 f4 31. Bd2 Nd4 32. Kg2 Rf7 33. gxf4 Ne2 34. Rd1 gxf4 35.
Kf3 Nd4+ 36. Rxd4 exd4 37. Nd3 Rf5 38. b4 h5 39. Rg1 Kf7 40. Bc1 Bh6 41. Bb2 Rd5
42. Bc1 Rf5 43. Rd1 Bg7 44. Nxf4 Be5 45. Bd2 Rf6 46. Rg1 d3 47. Rd1 Kg8 48. Re1
Rf5 49. Kg2 Kf7 50. Nxd3 Rg8+ 51. Kf1 Bf6 52. Re4 Rf3 53. Nf4 h4 54. Ke2 Rb3 55.
Nd3 Re8 56. Rxe8 Kxe8 57. Ke3 Bg5+ 58. Ke2 Bf6 59. f4 Kd7 60. Ke3 Rb1 61. Ke4
Rh1 62. Nf2 Rh2 63. Be3 Bc3 64. f5 Bxb4 65. f6 Ke6 66. Ng4 Rh1 67. Bg5 Rf1 68.
Bxh4 Bxc5 69. d7 Kxd7 70. Ne5+ Ke6 71. Nd3 Bd6 72. Bg5 c5 73. Nb2 Re1+ 74. Kd3
Be5 75. Na4 Bd6 76. Nb6 Rd1+ 77. Kc2 Rd4 78. Kb3 Rd3+ 79. Kc4 Rxh3 80. Na4 Rg3
81. Bd2 Rg4+ 82. Kb3 Kxf6 83. Nb6 Ke6 84. Bc3 Be5 85. Bd2 Bc7 86. Nc4 Rh4 87.
Bc3 Kd5 88. Ne3+ Kc6 89. Nc4 Rh3 90. Kc2 Kd5 91. Kb3 Bd8 0-1

[Event "World Rapid Women 2025"]
[Site "Doha QAT"]
[Date "2025.12.27"]
[Round "8.12"]
[White "Kosteniuk, Alexandra"]
[Black "Mkrtchian, Lilit"]
[Result "1-0"]
[WhiteTitle "GM"]
[BlackTitle "IM"]
[WhiteElo "2483"]
[BlackElo "2366"]
[WhiteFideId "4128125"]
[BlackFideId "13300601"]
[EventDate "2025.12.26"]

1. e4 e6 2. d4 d5 3. exd5 exd5 4. Bf4 Bd6 5. Qd2 Ne7 6. Nc3 c6 7. Nge2 O-O 8.
O-O-O b5 9. h4 a5 10. h5 a4 11. Bxd6 Qxd6 12. h6 g6 13. Qf4 Qxf4+ 14. Nxf4 Nd7
15. g4 Nb6 16. Re1 Ra7 17. f3 Re8 18. Rh2 Kf8 19. Nd3 Ng8 20. Rxe8+ Kxe8 21. Ne5
Ne7 22. g5 Rc7 23. Bxb5 cxb5 24. Nxb5 Rd7 25. Nxd7 Bxd7 26. Nd6+ Kf8 27. b3 Nec8
28. Nxc8 Bxc8 29. Re2 Bd7 30. Kb2 Bc6 31. Ka3 axb3 32. cxb3 Bd7 33. Kb4 Be6 34.
Kc5 Nc8 35. a4 Ke7 36. Kc6 Kd8 37. a5 Ne7+ 38. Kb6 Kc8 39. b4 Kb8 1-0

[Event "World Rapid Women 2025"]
[Site "Doha QAT"]
[Date "2025.12.27"]
[Round "8.13"]
[White "Dzagnidze, Nana"]
[Black "Maltsevskaya, Aleksandra"]
[Result "1-0"]
[WhiteTitle "GM"]
[BlackTitle "IM"]
[WhiteElo "2469"]
[BlackElo "2398"]
[WhiteFideId "13601903"]
[BlackFideId "24174041"]
[EventDate "2025.12.26"]

1. d4 Nf6 2. c4 e6 3. Nc3 d5 4. cxd5 exd5 5. Bg5 c6 6. e3 h6 7. Bh4 Bd6 8. Bd3
a5 9. Nge2 Na6 10. f3 g5 11. Bg3 Nc7 12. Bxd6 Qxd6 13. e4 Qe7 14. O-O Be6 15. a3
Nh5 16. Qd2 O-O 17. Rae1 b5 18. f4 b4 19. Na4 bxa3 20. e5 Qb4 21. Nac3 axb2 22.
fxg5 Qe7 23. Rf6 Ne8 24. Rxh6 Rb8 25. Bb1 f5 26. gxf6 Nexf6 27. exf6 Rxf6 28.
Rxh5 a4 29. Rh7 Rf7 30. Rxf7 Bxf7 31. Qh6 Be8 32. Rf1 Rb7 33. Bh7+ 1-0

[Event "World Rapid Women 2025"]
[Site "Doha QAT"]
[Date "2025.12.27"]
[Round "8.14"]
[White "Tokhirjonova, Gulrukhbegim"]
[Black "Khotenashvili, Bella"]
[Result "1-0"]
[WhiteTitle "IM"]
[BlackTitle "GM"]
[WhiteElo "2372"]
[BlackElo "2426"]
[WhiteFideId "14203626"]
[BlackFideId "13602640"]
[EventDate "2025.12.26"]

1. d4 Nf6 2. Nf3 g6 3. g3 Bg7 4. Bg2 O-O 5. O-O d6 6. c4 Nc6 7. Nc3 a6 8. h3 Bd7
9. e4 e5 10. d5 Ne7 11. Be3 Ne8 12. Ne1 f5 13. Nd3 Nf6 14. f3 fxe4 15. fxe4 b6
16. Qd2 h5 17. b4 a5 18. a3 Kh7 19. c5 bxc5 20. bxc5 Neg8 21. Nb2 Bc8 22. a4 Nd7
23. cxd6 cxd6 24. Nb5 Ba6 25. Rfc1 Ndf6 26. Nc4 Bxb5 27. axb5 Bh6 28. Bxh6 Nxh6
29. Rxa5 Rb8 30. Qb4 Nf7 31. Ra7 Kg8 32. Rf1 Ne8 33. b6 h4 34. g4 Ng5 35. Rxf8+
Kxf8 36. Nxe5 Rxb6 37. Nd7+ Qxd7 38. Qxb6 Qc8 39. Qf2+ Kg8 40. Ra1 Qd8 41. Kh1
Nf7 42. Ra7 Ne5 43. Qb2 Qc8 44. Rb7 Qc5 45. Rb8 Kf7 46. Qb7+ Kf6 47. Qb1 Ke7 48.
Qe1 Nf6 49. Rb7+ Ke8 50. Qf1 Nfd7 51. Rb1 Qe3 52. Qe1 Qd3 53. Ra1 g5 54. Qc1 Nf7
55. Ra7 Nfe5 56. Qxg5 Qd1+ 57. Kh2 Qe1 58. Ra8+ Kf7 59. Qf4+ Kg7 60. Ra7 Qe2 61.
g5 1-0

[Event "World Rapid Women 2025"]
[Site "Doha QAT"]
[Date "2025.12.27"]
[Round "8.15"]
[White "Vaishali, Rameshbabu"]
[Black "Nurman, Alua"]
[Result "1/2-1/2"]
[WhiteTitle "GM"]
[BlackTitle "WGM"]
[WhiteElo "2473"]
[BlackElo "2367"]
[WhiteFideId "5091756"]
[BlackFideId "13729390"]
[EventDate "2025.12.26"]

1. d4 Nf6 2. Bg5 Ne4 3. Bf4 c5 4. e3 Qb6 5. Nc3 Nxc3 6. bxc3 d6 7. Nf3 Qb2 8.
Kd2 Nd7 9. Qb1 Qxb1 10. Rxb1 g6 11. a4 Bg7 12. a5 O-O 13. Bg5 Nf6 14. Bxf6 Bxf6
15. Bc4 e6 16. e4 Bd8 17. Ra1 b6 18. axb6 Bxb6 19. Rhb1 Bd7 20. Bb5 Bxb5 21.
Rxb5 Rac8 22. Kd3 Rc7 23. Ra3 Rfc8 24. Rb2 Kg7 25. Nd2 d5 26. e5 Kf8 27. f4 Ke7
28. Nf3 Rb8 29. Rb5 Rbc8 30. Rb2 Rb8 31. h3 h5 32. g3 Rbc8 33. Rb1 cxd4 34. Nxd4
Rc4 35. Rb2 Kf8 36. Rba2 Bc5 37. Rb3 Bb6 38. Rba3 Rb8 39. Ra4 Rbc8 40. Rxc4 Rxc4
41. g4 hxg4 42. hxg4 Ke7 43. Ra1 Kd7 44. Rh1 Bxd4 45. cxd4 Ra4 46. Rb1 Ra3+ 47.
c3 Ra2 48. Rb7+ Ke8 49. Ke3 Rc2 50. Rb8+ Kd7 51. Rb7+ Ke8 52. f5 gxf5 53. gxf5
Rxc3+ 54. Kf4 exf5 55. Kxf5 Rc4 1/2-1/2

[Event "World Rapid Women 2025"]
[Site "Doha QAT"]
[Date "2025.12.27"]
[Round "8.16"]
[White "Rudzinska, Michalina"]
[Black "Garifullina, Leya"]
[Result "1-0"]
[WhiteTitle "WGM"]
[BlackTitle "IM"]
[WhiteElo "2206"]
[BlackElo "2454"]
[WhiteFideId "1172883"]
[BlackFideId "34127035"]
[EventDate "2025.12.26"]

1. e4 c5 2. Nf3 d6 3. d4 cxd4 4. Nxd4 Nf6 5. Nc3 a6 6. Bc4 e6 7. Be3 b5 8. Bb3
Bb7 9. f3 Nbd7 10. a3 Nc5 11. Qe2 Be7 12. O-O-O Qc7 13. Ba2 Rb8 14. g4 Ba8 15.
g5 Nh5 16. f4 g6 17. f5 e5 18. fxg6 hxg6 19. Qf3 Rh7 20. Nde2 b4 21. axb4 Rxb4
22. Bd5 Bb7 23. Rhf1 Bd8 24. Bxc5 dxc5 25. h4 Nf4 26. Nxf4 exf4 27. e5 Rxh4 28.
e6 Bxg5 29. exf7+ Kf8 30. Qd3 Qd6 31. Ne4 Qxd5 32. Nxg5 Qxg5 33. Qd6+ Qe7 34.
Qxg6 Rh8 35. Rg1 Qe3+ 36. Kb1 Ke7 37. Rde1 Rf8 38. Rxe3+ fxe3 39. Qg5+ Kd6 40.
Qf6+ Kd7 41. Rd1+ Rd4 42. Rxd4+ cxd4 43. Qxd4+ Kc6 44. Qxe3 Rxf7 45. Qe6+ 1-0

[Event "World Rapid Women 2025"]
[Site "Doha QAT"]
[Date "2025.12.27"]
[Round "8.17"]
[White "Atalik, Ekaterina"]
[Black "Badelka, Olga"]
[Result "1-0"]
[WhiteTitle "IM"]
[BlackTitle "IM"]
[WhiteElo "2349"]
[BlackElo "2395"]
[WhiteFideId "4130189"]
[BlackFideId "13509926"]
[EventDate "2025.12.26"]

1. d4 Nf6 2. c4 e6 3. Nc3 d5 4. cxd5 exd5 5. Bg5 Be7 6. e3 O-O 7. Bd3 h6 8. Bf4
c5 9. Nge2 Nc6 10. dxc5 Bxc5 11. O-O Bg4 12. h3 Be6 13. Rc1 Rc8 14. Na4 Be7 15.
Nc5 Bxc5 16. Rxc5 Qe7 17. Rc1 Rfd8 18. Qa4 Bd7 19. Nd4 Ne5 20. Qb3 Nxd3 21. Qxd3
Ne4 22. Nf3 Be6 23. Qd4 b6 24. Ne5 Qe8 25. b3 Rxc1 26. Rxc1 Rc8 27. Qb2 f6 28.
Nf3 Rxc1+ 29. Qxc1 Qc8 30. Qxc8+ Bxc8 31. Nd4 Bd7 32. f3 Nc3 33. a4 b5 34. a5 a6
35. Kf1 b4 36. Ke1 Kf7 37. Nc2 Na2 38. Kd2 Ke7 39. Bc7 Bb5 40. g4 g6 41. h4 h5
42. gxh5 gxh5 43. Bb6 Kd6 44. Bd4 Ke6 45. Ne1 f5 46. Ng2 Be8 47. Nf4+ Kd6 48.
Kc2 Kc6 49. Kb2 Nc3 50. Bxc3 bxc3+ 51. Kxc3 Kb5 52. b4 Bf7 53. Ne2 Bg6 54. Nd4+
Ka4 55. Ne6 Be8 56. Nc7 Bc6 57. Nxa6 d4+ 58. Kxd4 Bxf3 1-0

[Event "World Rapid Women 2025"]
[Site "Doha QAT"]
[Date "2025.12.27"]
[Round "8.18"]
[White "Danielian, Elina"]
[Black "Savitha, Shri B"]
[Result "0-1"]
[WhiteTitle "GM"]
[BlackTitle "IM"]
[WhiteElo "2408"]
[BlackElo "2334"]
[WhiteFideId "13300210"]
[BlackFideId "35061887"]
[EventDate "2025.12.26"]

1. d4 d5 2. c4 e6 3. Nc3 Nf6 4. Nf3 c6 5. e3 Nbd7 6. Bd3 Bd6 7. O-O O-O 8. e4
dxc4 9. Bxc4 e5 10. Bg5 h6 11. Bh4 Qe7 12. Re1 Rd8 13. Qe2 b5 14. Bb3 a5 15. a3
Ba6 16. dxe5 Nxe5 17. Nxe5 Bxe5 18. Qf3 b4 19. axb4 axb4 20. Na4 Bb5 21. Red1
Rxd1+ 22. Qxd1 Qa7 23. Ra2 Qd4 24. Bxf6 Bxf6 25. Qc2 Ra6 26. Ra1 Bd3 27. Qd2
Bxe4 28. Qe1 Bd5 29. Rd1 Qe5 30. Qxe5 Bxe5 31. Bxd5 cxd5 32. b3 Rc6 33. g3 d4
34. Rd2 Rc3 35. Kg2 Rxb3 36. Nc5 Rc3 37. Nd7 f6 38. f4 b3 39. Kh3 Rc2 40. Rd3 b2
41. Rb3 Bd6 42. Kg4 d3 43. Kf3 d2 44. Ke2 d1=Q+ 45. Kxd1 Rc1+ 46. Ke2 b1=Q 0-1

[Event "World Rapid Women 2025"]
[Site "Doha QAT"]
[Date "2025.12.27"]
[Round "8.19"]
[White "Mamedjarova, Turkan"]
[Black "Assaubayeva, Bibisara"]
[Result "1/2-1/2"]
[WhiteTitle "WGM"]
[BlackTitle "GM"]
[WhiteElo "2216"]
[BlackElo "2497"]
[WhiteFideId "13402005"]
[BlackFideId "13708694"]
[EventDate "2025.12.26"]

1. d4 Nf6 2. Nf3 g6 3. Bf4 Bg7 4. e3 d6 5. Bc4 O-O 6. h3 b6 7. O-O Bb7 8. Nbd2
Nbd7 9. Bh2 Qe8 10. c3 e5 11. dxe5 dxe5 12. Qc2 Qe7 13. e4 Nh5 14. Rfe1 Nf4 15.
Bxf4 exf4 16. Bd5 c6 17. Bb3 Kh8 18. Rad1 Rad8 19. Nc4 Nc5 20. e5 Bc8 21. Nd6
Be6 22. Nd4 Bxb3 23. axb3 Qc7 24. b4 Ne6 25. Qe4 Nxd4 26. cxd4 f6 27. Rc1 fxe5
28. Rxc6 Qe7 29. dxe5 f3 30. gxf3 Qg5+ 31. Qg4 Qd2 32. Re4 Bxe5 33. Rxe5 Rxd6
34. Rc7 Rd4 35. Re4 Rxe4 36. Qxe4 Qg5+ 37. Qg4 Qxg4+ 38. fxg4 Rf4 39. Rxa7 Rxb4
40. Ra2 Rb3 41. Kg2 g5 42. f3 Kg7 43. Kg3 Kg6 44. Kg2 h6 45. Kg3 Kf6 46. h4
gxh4+ 47. Kxh4 Rxf3 48. Ra3 Rxa3 49. bxa3 b5 50. Kh5 Kg7 51. g5 hxg5 52. Kxg5
Kf7 1/2-1/2

[Event "World Rapid Women 2025"]
[Site "Doha QAT"]
[Date "2025.12.27"]
[Round "8.20"]
[White "Kamalidenova, Meruert"]
[Black "Cori T., Deysi"]
[Result "1-0"]
[WhiteTitle "IM"]
[BlackTitle "IM"]
[WhiteElo "2366"]
[BlackElo "2349"]
[WhiteFideId "13712802"]
[BlackFideId "3801934"]
[EventDate "2025.12.26"]

1. Nf3 g6 2. e4 Bg7 3. d4 d6 4. Be2 Nf6 5. Nc3 a6 6. O-O O-O 7. h3 b5 8. e5 Nfd7
9. Bf4 Nb6 10. Qc1 Nc6 11. Rd1 Nb4 12. a3 N4d5 13. Nxd5 Nxd5 14. Bh6 Bf5 15.
Bxg7 Kxg7 16. c4 bxc4 17. Bxc4 Nb6 18. Be2 Be4 19. Ng5 Bd5 20. Qc2 Ra7 21. Rac1
Qd7 22. Bf3 h6 23. Bxd5 Nxd5 24. Ne4 Rb8 25. Qc4 Nf4 26. exd6 cxd6 27. d5 Nh5
28. Qd4+ Kh7 29. Rc6 Rab7 30. b4 a5 31. bxa5 Rb5 32. a6 Ra5 33. g4 Nf4 34. Nf6+
exf6 35. Qxf4 Rxd5 36. Rdc1 Qe6 37. a7 Ra8 38. Ra6 Kg7 39. Qf3 Qe5 40. Kg2 h5
41. Re1 hxg4 42. hxg4 Qd4 43. Re4 Qc5 44. Rb4 Rd2 45. Rb7 Qc4 46. Rc6 Qe6 47.
Rcc7 Rf8 48. Rxf7+ Rxf7 49. Rxf7+ 1-0

[Event "World Rapid Women 2025"]
[Site "Doha QAT"]
[Date "2025.12.27"]
[Round "8.21"]
[White "Roebers, Eline"]
[Black "Balajayeva, Khanim"]
[Result "1-0"]
[WhiteTitle "IM"]
[BlackTitle "IM"]
[WhiteElo "2396"]
[BlackElo "2351"]
[WhiteFideId "1058401"]
[BlackFideId "13406396"]
[EventDate "2025.12.26"]

1. e4 e5 2. f4 exf4 3. Bc4 d5 4. Bxd5 Nf6 5. Nc3 Bb4 6. Nf3 O-O 7. O-O a5 8. Bc4
Nc6 9. d3 Bc5+ 10. Kh1 Ng4 11. Bxf4 Nf2+ 12. Rxf2 Bxf2 13. Nd5 Bg4 14. Bxc7 Qd7
15. Qd2 Ne7 16. Ne5 Qe6 17. Nxg4 Nxd5 18. Bxd5 Qxg4 19. Qxf2 Ra6 20. e5 Qd7 21.
Bd6 Rxd6 22. exd6 Qxd6 23. c4 Kh8 24. Re1 f6 25. h3 a4 26. Re6 Qc7 27. Qe3 Qb8
28. Re7 b5 29. c5 Qd8 30. Qe6 1-0

[Event "World Rapid Women 2025"]
[Site "Doha QAT"]
[Date "2025.12.27"]
[Round "8.22"]
[White "Yip, Carissa"]
[Black "Kiolbasa, Oliwia"]
[Result "0-1"]
[WhiteTitle "IM"]
[BlackTitle "IM"]
[WhiteElo "2459"]
[BlackElo "2397"]
[WhiteFideId "2090732"]
[BlackFideId "1154613"]
[EventDate "2025.12.26"]

1. e4 e6 2. d4 d5 3. e5 c5 4. c3 Nc6 5. Nf3 Bd7 6. Bd3 cxd4 7. O-O dxc3 8. Nxc3
Nge7 9. Re1 Ng6 10. g3 Be7 11. h4 O-O 12. h5 Nh8 13. Qc2 g6 14. a3 Rc8 15. Qe2
f6 16. Bh6 Rf7 17. Nxd5 exd5 18. e6 Bxe6 19. Qxe6 Bf8 20. hxg6 hxg6 21. Bf4 Qd7
22. Kg2 Qxe6 23. Rxe6 Bc5 24. Rc1 Bb6 25. b4 Rd8 26. Bb1 Kg7 27. Ba2 Rfd7 28. b5
Nd4 29. Nxd4 Bxd4 30. Re2 Nf7 31. a4 Be5 32. Bd2 d4 33. f4 d3 34. Re4 Bb2 35.
Rce1 Kf8 36. Rb1 Ba3 37. Kf3 Rc7 38. Bb3 Re7 39. Rbe1 Rxe4 40. Rxe4 Be7 41. Rc4
Nd6 42. Rc7 Nf5 43. Bc4 Rd4 44. g4 Nd6 45. Bb3 f5 46. gxf5 gxf5 47. Bc3 Re4 48.
Be5 d2 49. Rd7 Ke8 50. Rxd6 Bxd6 51. Bxd6 Rd4 52. Bc5 Rd3+ 53. Ke2 Rxb3 54. Bxa7
Ra3 55. Kxd2 Rxa4 56. Be3 Kd7 57. Kd3 Kd6 0-1

[Event "World Rapid Women 2025"]
[Site "Doha QAT"]
[Date "2025.12.27"]
[Round "8.23"]
[White "Injac, Teodora"]
[Black "Shvedova, Alexandra"]
[Result "1-0"]
[WhiteTitle "IM"]
[BlackTitle "WIM"]
[WhiteElo "2421"]
[BlackElo "2255"]
[WhiteFideId "932400"]
[BlackFideId "54154782"]
[EventDate "2025.12.26"]

1. Nf3 Nf6 2. g3 c5 3. Bg2 Nc6 4. c4 d5 5. cxd5 Nxd5 6. Nc3 Nc7 7. a3 e5 8. b4
cxb4 9. axb4 Bxb4 10. Nxe5 Nxe5 11. Qa4+ Nc6 12. Bxc6+ bxc6 13. Qxb4 Ne6 14. Ba3
c5 15. Qe4 Bd7 16. Bxc5 Rc8 17. d4 Bc6 18. d5 Bxd5 19. Nxd5 Rxc5 20. Nf4 Qc8 21.
O-O O-O 22. Nxe6 Qxe6 23. Qxe6 fxe6 24. Rxa7 Rfc8 25. Kg2 Rc1 26. Rxc1 Rxc1 27.
h4 Rc5 28. g4 h5 29. g5 Rc4 30. Kg3 Rg4+ 31. Kh3 Kf8 32. f3 Rg1 33. Kh2 Re1 34.
e4 Re3 35. Kg3 Re1 36. Kf4 Rh1 37. Ke5 Rxh4 38. g6 Ke8 39. Kxe6 Kd8 40. Rxg7 1-0

[Event "World Rapid Women 2025"]
[Site "Doha QAT"]
[Date "2025.12.27"]
[Round "8.24"]
[White "Shukhman, Anna"]
[Black "Krush, Irina"]
[Result "1/2-1/2"]
[WhiteTitle "WGM"]
[BlackTitle "GM"]
[WhiteElo "2431"]
[BlackElo "2402"]
[WhiteFideId "54180058"]
[BlackFideId "2012782"]
[EventDate "2025.12.26"]

1. e4 c5 2. Nf3 e6 3. d4 cxd4 4. Nxd4 Nc6 5. Nc3 a6 6. Be3 Nf6 7. a3 Qc7 8. f4
Nxd4 9. Qxd4 Ng4 10. Qb6 Bd6 11. Qxc7 Bxc7 12. Bd2 Bb6 13. Bd3 Nf2 14. Rf1 Nxd3+
15. cxd3 d6 16. Ke2 Bd7 17. Be3 Bxe3 18. Kxe3 Ke7 19. g4 h6 20. Rac1 b5 21. Ne2
Rhc8 22. Rxc8 Rxc8 23. Rc1 Rxc1 24. Nxc1 g5 25. f5 e5 26. Nb3 Bc6 27. d4 Kd8 28.
d5 Bd7 29. Kd2 Kc7 30. Kc3 Kb6 31. Kb4 f6 32. Na5 Be8 33. b3 h5 34. h3 h4 35. a4
Bd7 36. Nc4+ bxc4 37. a5+ Kc7 38. bxc4 Be8 39. Kb3 Kb7 40. Kb4 Bd7 41. Kb3 1/2-1/2

[Event "World Rapid Women 2025"]
[Site "Doha QAT"]
[Date "2025.12.27"]
[Round "8.25"]
[White "Zhapova, Yana"]
[Black "Munkhzul, Turmunkh"]
[Result "0-1"]
[WhiteTitle "FM"]
[BlackTitle "WGM"]
[WhiteElo "2260"]
[BlackElo "2271"]
[WhiteFideId "24278670"]
[BlackFideId "4901878"]
[EventDate "2025.12.26"]

1. e4 d6 2. d4 Nf6 3. Nc3 e5 4. Nf3 Nbd7 5. Bc4 Be7 6. O-O O-O 7. a4 c6 8. Re1
Qc7 9. h3 h6 10. Be3 Re8 11. Ba2 Nf8 12. Qd3 Ng6 13. Ne2 Bf8 14. Ng3 Be6 15. c4
c5 16. dxc5 dxc5 17. Ne2 Rad8 18. Qc2 Qc8 19. Ng3 Bd7 20. a5 Bc6 21. Bb3 Nf4 22.
Ba4 Nd3 23. Red1 Bxa4 24. Qxa4 Nxb2 25. Rxd8 Rxd8 26. Qb3 Nd3 27. Rd1 Nb4 28.
Nxe5 Rxd1+ 29. Qxd1 Qc7 30. Ng4 Ne8 31. e5 Nc6 32. Qd5 Nxa5 33. Ne4 Qc6 34. Qd3
Qg6 35. f4 b6 36. f5 Qc6 37. f6 Qe6 38. fxg7 Bxg7 39. Qd8 Kf8 40. Ngf6 Nxc4 41.
Nd7+ Kg8 42. Nef6+ Bxf6 43. Nxf6+ Kg7 44. Nxe8+ Kg6 45. Bf4 Qf5 46. Bg3 Ne3 47.
Qf6+ Qxf6 48. Nxf6 a5 49. Kf2 Nc4 50. Nd5 a4 51. Ke2 a3 52. Nc3 b5 53. Kd3 Nb2+
54. Kc2 b4 55. Na2 Na4 56. Bf2 Kf5 57. Kb3 Nb2 58. Bxc5 Nd3 59. Bd6 Nf4 60. g4+
Ke6 61. Nxb4 Nxh3 62. Nd3 f6 63. Bf8 0-1

[Event "World Rapid Women 2025"]
[Site "Doha QAT"]
[Date "2025.12.27"]
[Round "8.26"]
[White "Kulon, Klaudia"]
[Black "Vantika, Agrawal"]
[Result "0-1"]
[WhiteTitle "IM"]
[BlackTitle "IM"]
[WhiteElo "2335"]
[BlackElo "2369"]
[WhiteFideId "1131044"]
[BlackFideId "25050389"]
[EventDate "2025.12.26"]

1. c4 e6 2. b3 d5 3. e3 Nf6 4. Bb2 Bd6 5. Nf3 O-O 6. Nc3 Re8 7. Qc2 c5 8. cxd5
exd5 9. d4 Nc6 10. dxc5 Bxc5 11. Be2 d4 12. Rd1 Bg4 13. O-O Bxf3 14. Bxf3 Qe7
15. Na4 dxe3 16. Bxf6 Qxf6 17. Nxc5 Nd4 18. Rxd4 Qxd4 19. fxe3 Rxe3 20. Kh1 Rc8
21. Rd1 Qe5 22. Nd3 Qe6 23. Qf2 Rd8 24. Qf1 Rexd3 25. Rxd3 Rxd3 26. h3 Re3 27.
Qf2 Qe5 28. g3 g6 29. Kg2 Kg7 30. h4 h5 31. Qd2 b6 32. Kf2 Rc3 33. Kg2 a5 34.
Kf2 Qc5+ 0-1